| 000 | 00489nam a22002057a 4500 | ||
|---|---|---|---|
| 003 | CO-ViMGA | ||
| 005 | 20230915225011.0 | ||
| 008 | 150611b xxu||||| |||| 00| 0 eng d | ||
| 020 | _a9789588787305 | ||
| 040 |
_aCO-ViMGA _bspa _cCO-ViMGA |
||
| 090 | _bC MAR45 | ||
| 100 | 1 | _4MARTOS FERNANDO | |
| 245 | 1 | 0 | _aLAS TRES HIJAS |
| 250 | _a1 ED | ||
| 260 |
_aBOGOTA _bKALANDRAKA _c2013 |
||
| 300 | _a(32) PAGINAS | ||
| 650 | 1 | 4 | _2CUENTO IMFANIL |
| 700 | 1 | _4THOMASSEN HELLE | |
| 942 |
_2ddc _cBK |
||
| 999 |
_c161 _d161 |
||